| 000 | 00571cam a2200217 4500 | ||
|---|---|---|---|
| 008 | 090401t1999 xxu||||| |||| 00| 0 eng d | ||
| 020 | _a1900858304 | ||
| 035 | _a(Sirsi) u92082 | ||
| 041 | _aeng | ||
| 050 | _a690.24 | ||
| 110 |
_aBuilding Maintenance Information _93229 |
||
| 245 | _aReview of occupancy costs. | ||
| 260 |
_aLondon _bBMI _c1999 |
||
| 300 | _a40p. ; 30cm. | ||
| 350 | _a0 | ||
| 490 |
_aBMI Special Report _v276 |
||
| 650 | _aOCCUPANCY COSTS | ||
| 690 | _aBUILDING AND CONSTRUCTION-REPAIRS AND MAINTENANCE | ||
| 942 | _n0 | ||
| 948 | _c15/03/1999 | ||
| 999 |
_c97718 _d97718 |
||